Physics / (Record no. 601078)

000 -LEADER
fixed length control field 00281nam a2200121Ia 4500
008 - FIXED-LENGTH DATA ELEMENTS--GENERAL INFORMATION
fixed length control field 230907s9999||||xx |||||||||||||| ||und||
082 ## - DEWEY DECIMAL CLASSIFICATION NUMBER
Classification number 530
Author Mark GIA
100 ## - MAIN ENTRY--PERSONAL NAME
Personal name Giambattista, Alan,
9 (RLIN) 30137
245 #0 - TITLE STATEMENT
Title Physics /
300 ## - PHYSICAL DESCRIPTION
Extent pages cm
650 ## - SUBJECT ADDED ENTRY--TOPICAL TERM
Topical term or geographic name entry element Textbooks.
9 (RLIN) 8511
942 ## - ADDED ENTRY ELEMENTS (KOHA)
Koha item type Book
Holdings
Withdrawn status Lost status Damaged status Not for loan Permanent Location Current Location Date acquired Total Checkouts Total Renewals Full call number Barcode Date last seen Price effective from Koha item type
        US-Pakistan Center for Advanced Studies in Energy (USPCAS-E) US-Pakistan Center for Advanced Studies in Energy (USPCAS-E) 11/19/2019   1 530 GIA CAS-E0005177 02/24/2025 09/12/2023 Book
© 2023 Central Library, National University of Sciences and Technology. All Rights Reserved.